000 00507cam a2200193 4500
001 D330
008 090401t1985 xxu||||| |||| 00| 0 eng d
035 _a(Sirsi) u45593
041 _aeng
050 _a333.335
110 _aAgricultural Development and Advisory Services
_91175
245 _aFarm rents in England and Wales: 1984 enquiry
260 _aAlnwick, Northumberland
_bMAFF
_c1985
300 _a81p. 21cm
350 _a0
490 _aBooklet
_v2319 (84)
942 _n0
948 _c04/03/1997
999 _c91773
_d91773